<?xml version="1.0" encoding="UTF-8"?>
<record
    xmlns:xsi="http://www.w3.org/2001/XMLSchema-instance"
    xsi:schemaLocation="http://www.loc.gov/MARC21/slim http://www.loc.gov/standards/marcxml/schema/MARC21slim.xsd"
    xmlns="http://www.loc.gov/MARC21/slim">

  <leader>01440nam a2200325 i 4500</leader>
  <controlfield tag="001">181014</controlfield>
  <controlfield tag="003">ES-MaACL</controlfield>
  <controlfield tag="005">20250804063440.0</controlfield>
  <controlfield tag="008">121001s2010    sp ao        |||| |dspa d</controlfield>
  <datafield tag="020" ind1=" " ind2=" ">
    <subfield code="a">978-84-96763-24-1</subfield>
  </datafield>
  <datafield tag="080" ind1=" " ind2=" ">
    <subfield code="a">791.862(0:7)(083.824)</subfield>
  </datafield>
  <datafield tag="080" ind1=" " ind2=" ">
    <subfield code="a">636.2.046.8(0:7)(083.824)</subfield>
  </datafield>
  <datafield tag="080" ind1=" " ind2=" ">
    <subfield code="a">7(083.824)</subfield>
  </datafield>
  <datafield tag="245" ind1="0" ind2="0">
    <subfield code="a">Taurus :</subfield>
    <subfield code="b">del mito al ritual : Museo de Bellas Artes de Bilbao : 7 de junio-5 de septiembre de 2010 / </subfield>
    <subfield code="c">[comisariado, Javier Viar Olloqui, Miriam Alzuri ; textos, Virginia Albarr&#xE1;n Mart&#xED;n ... et al.]</subfield>
  </datafield>
  <datafield tag="260" ind1=" " ind2=" ">
    <subfield code="a">Bilbao : </subfield>
    <subfield code="b">Museo de Bellas Artes de Bilbao, </subfield>
    <subfield code="c">[2010]</subfield>
  </datafield>
  <datafield tag="300" ind1=" " ind2=" ">
    <subfield code="a">400 p&#xE1;ginas : </subfield>
    <subfield code="b">ilustraciones (blanco y negro y color) ; </subfield>
    <subfield code="c">27 x 25 cm</subfield>
  </datafield>
  <datafield tag="504" ind1=" " ind2=" ">
    <subfield code="a">Bibliograf&#xED;a: p&#xE1;ginas 393-399</subfield>
  </datafield>
  <datafield tag="650" ind1=" " ind2="7">
    <subfield code="a">Corridas de toros-</subfield>
    <subfield code="x">En el arte-</subfield>
    <subfield code="v">Exposiciones</subfield>
    <subfield code="9">151512</subfield>
  </datafield>
  <datafield tag="650" ind1=" " ind2="7">
    <subfield code="a">Toros de lidia-</subfield>
    <subfield code="x">En el arte-</subfield>
    <subfield code="v">Exposiciones</subfield>
    <subfield code="9">151513</subfield>
  </datafield>
  <datafield tag="655" ind1=" " ind2="7">
    <subfield code="a">Cat&#xE1;logos de exposiciones</subfield>
    <subfield code="2">tgfbne</subfield>
    <subfield code="9">193628</subfield>
  </datafield>
  <datafield tag="700" ind1="1" ind2=" ">
    <subfield code="a">Viar, Javier,</subfield>
    <subfield code="d">1946-2021</subfield>
    <subfield code="e">orm</subfield>
    <subfield code="9">114294</subfield>
  </datafield>
  <datafield tag="700" ind1="1" ind2=" ">
    <subfield code="a">Alzuri, Miriam,</subfield>
    <subfield code="d">1964-</subfield>
    <subfield code="e">orm</subfield>
    <subfield code="9">151514</subfield>
  </datafield>
  <datafield tag="700" ind1="1" ind2=" ">
    <subfield code="a">Albarr&#xE1;n Mart&#xED;n, Virginia</subfield>
    <subfield code="e">aut</subfield>
    <subfield code="9">151515</subfield>
  </datafield>
  <datafield tag="710" ind1="2" ind2=" ">
    <subfield code="a">Museo de Bellas Artes de Bilbao</subfield>
    <subfield code="e">his</subfield>
    <subfield code="e">edt</subfield>
    <subfield code="9">5844</subfield>
  </datafield>
  <datafield tag="852" ind1=" " ind2=" ">
    <subfield code="a">ES-MaACL</subfield>
    <subfield code="b">R.147103</subfield>
    <subfield code="c">DEPO1</subfield>
    <subfield code="d">Olim: N-5237</subfield>
    <subfield code="h">Donaci&#xF3;n Real Academia Espa&#xF1;ola </subfield>
    <subfield code="j">A-12232</subfield>
    <subfield code="9">187895</subfield>
  </datafield>
  <datafield tag="914" ind1=" " ind2=" ">
    <subfield code="9">6336</subfield>
    <subfield code="a">Real Academia Espa&#xF1;ola</subfield>
    <subfield code="e">dnr</subfield>
  </datafield>
  <datafield tag="942" ind1=" " ind2=" ">
    <subfield code="2">udc</subfield>
    <subfield code="c">MONOGRAFIA</subfield>
    <subfield code="n">0</subfield>
  </datafield>
  <datafield tag="999" ind1=" " ind2=" ">
    <subfield code="c">181014</subfield>
    <subfield code="d">181014</subfield>
  </datafield>
  <datafield tag="952" ind1=" " ind2=" ">
    <subfield code="0">0</subfield>
    <subfield code="1">0</subfield>
    <subfield code="2">udc</subfield>
    <subfield code="4">0</subfield>
    <subfield code="7">0</subfield>
    <subfield code="a">ATENEOM</subfield>
    <subfield code="b">ATENEOM</subfield>
    <subfield code="c">DEPO1</subfield>
    <subfield code="d">2012-10-01</subfield>
    <subfield code="e">DONACION</subfield>
    <subfield code="l">0</subfield>
    <subfield code="o">A-12232</subfield>
    <subfield code="p">1190221</subfield>
    <subfield code="r">2023-02-23 00:00:00</subfield>
    <subfield code="y">MONOGRAFIA</subfield>
  </datafield>
</record>
